Регионална библиотека "Любен Каравелов" - Русе

Велика дидактика (Запис номер 84309)

MARC детайли
000 -Лидер
Контролно поле с фиксирана дължина 01671nam a2200373 c 4500
003 - Код на организацията, давaща контролен номер
Контролно поле BLK
005 - Дата и час на последна редакция
Контролно поле 20231220114937.0
008 - Елементи от данни с фиксирана дължина
fixed length control field 180408b bul|||||r ||||||| ||bul||
010 ## - Наследен системен номер
LC control number KNG00088890000
020 ## - Международен стандартен номер на книга ISBN
Международен стандартен номер на книга ISBN 978-954-07-2597-0
-- издат.: Унив. изд. Св. Климент Охридски
040 ## - Източник на каталожния запис
Идентификатор на билиотеката - собственик на записа BLK
041 ## - Код за език
Код за езика на текст/звукозапис или на отделно заглавие Български
Код за езика КДБФ Български
080 ## - УДК
Текстов определител УДК Други системи на възпитание
УДК код - определител по УДК 371.49
УДК определител .022
УДК - код + определител 371.49.022
100 1# - Редна дума - Автор
Автор Коменски, Ян Амос
Авторска отговорност първи автор
R(LIN) 81721
139 ## - Редно поле
Редна дума Коменски, Ян Амос
Авторски знак Ком - К 80
245 10 - Сведения за заглавието
Заглавие Велика дидактика
Редно поле (дума) Ян Амос Коменски; състав. и предг. от Божидар Михайлов Ангелов; състав. и предг. от Люба Николова Коспартова.
257 ## - Страна на издаване
Страна на създаване/издаване Чехия
260 ## - Област на издателските данни
-- София
Име на издателя, разпространителя и проч. Унив. изд. Св. Климент Охридски
Година на издаване 2007
300 ## - Физическа характеристика
Страници 308 с.
Илюстрации и др. с портр., факс., ил.
Размери/Мащаб 21 см
380 ## - Жанр
Жанр Обществени науки
490 1# - СЕРИИ (Колекции)
Име на серия Вечни книги
500 ## - Общи забележки
Забележка Ориг. загл. Magna didactika / Joham Amos Comenius
650 #4 - Допълнително описание по предмет – тема
Основно описание – тема или топоним Дидактика
9 (RLIN) 153380
653 ## - Ключова дума – ненормативна
Ключова дума дидактика
653 ## - Ключова дума – ненормативна
Ключова дума обучение
700 1# - Други автори (авторска отговорност)
Лично име Ангелов, Божидар Михайлов
9 (RLIN) 31376
700 1# - Други автори (авторска отговорност)
Лично име Коспартова, Люба Николова
Автороска отговорност (Описва отношението между автора и произведението) състав. и предг. от
Друга информация Бачева-Коспартова, Люба Николова
9 (RLIN) 366251
852 ## - Местоположение
Форматна сигнатура Цб 243637
856 4# - Електронен адрес и достъп
Електронен формат pdf - файл
Път до файла /url/
856 4# - Електронен адрес и достъп
Електронен формат pdf - файл
Път до файла /url/
942 ## - АРТИКУЛИ
Вид на библиотечния материал Книги
Скрит в OPAC Не
Koha issues (borrowed), all copies 4
944 ## - СЪЗДАВАНЕ И РЕДАКЦИЯ на ЗАПИСА
Създаване/Редакция Създаване
Дата на регистрацията/редакция 10.04.2009
Служител, извършил регистрацията/редакцията 30560
Статус, дата на статуса Геновева Генчева
944 ## - СЪЗДАВАНЕ И РЕДАКЦИЯ на ЗАПИСА
Създаване/Редакция Редакция
Дата на регистрацията/редакция 27.05.2009
Служител, извършил регистрацията/редакцията
999 ## - СИСТЕМНИ КОНТРОЛНИ НОМЕРА
Koha biblionumber 84309
Koha biblioitemnumber 84309
Наличности
Код за отписване Код за изгубен артикул Код за повреда Коз за рестрикции Код за отдаване Артикулен № Име на библиотеката - собственик Име на библиотеката, в която се намира в момента Статус (Текущо местоположение) Дата на вписване в системата Местоположение - отдел Цена в лева Инвентарен номер Систематично азбучна сигнатура Баркод Номер на екземпляра Цена в евро Служебна бележка Служебен тип на артикула
  Не е изгубен Не е повреден без рестрикции ползва се в читалня 136846 Регионална библиотека "Любен Каравелов" Русе Регионална библиотека "Любен Каравелов" Русе Хранилище 2009-04-10 Хранилище 0.00 120000734937 Цб 243637 120000734937 1 0.00 Дост: Dp Вид: Д N: 46 Дата: 29.10.2008 Книги
Vip Innovations Ltd, Rousse, Bulgaria 2025